Statistics for Jeopardy #8570

Click here to take the quiz!

General Stats

  • This quiz has been taken 25 times
  • The average score is 9 of 61

Answer Stats

CategoryCashClueAnswer% Correct
DANCE PARTY$200At the 1893 Chicago World's Fair, the "Street in Cairo" exhibit helped introduce this exotic dancing to Americabelly dancing
64%
NOT AN ANSWER$400From Latin for "praise", it's a laudatory speech for the departeda eulogy
57%
NOT AN ANSWER$600The parent of a lamba ewe
57%
ALL THE BELLS & WHISTLES$200The last time it was used for its original purpose was to celebrate George Washington's birthday in 1846the Liberty Bell
57%
DANCE PARTY$800This lively music & its accompanying dance have a name from Czechpolka
50%
DANCE PARTY$400Curiously, not the Charleston but the shag is this state's official state danceSouth Carolina
50%
NOT AN ANSWER$200A distinctive outfit worn by members of a professiona uniform
43%
"R" TOWN$400This capital is about 160 miles north of Vilnius & 160 miles south of TallinnRiga
43%
"R" TOWN$600With a metro area of more than 13 million, this city is the world's biggest "R" townRio de Janeiro
43%
MAMMALS$200The pachyderms include this mammal whose skin secretes a moistening reddish fluid, which led folks to believe it sweated blooda hippopotamus
29%
MAMMALS$800Mammals believed to be monogamous include beavers, wolves & the dik-dik, a tiny variety of this African animalantelope
29%
MAMMALS$1000In mammals this muscle that aids in respiration separates the heart & the lungs from the abdominal cavitythe diaphragm
29%
WHEN GOOD ACTORS BREAK BAD$1600This actor who played Atticus Finch later portrayed Josef Mengele in "The Boys from Brazil"Gregory Peck
21%
WHEN GOOD ACTORS BREAK BAD$1200Notoriously virtuous Matt Damon said "Arrivederci!" to several victims as this "Talented" guy in a 1999 filmMr. Ripley
21%
"R" TOWN$1000Monet made a series of paintings of this French city's Gothic cathedralRouen
21%
HISTORIC OFFSPRING$1600This couple had 2 daughters: Ève, a diplomat, journalist & pianist & Irène, a chemistthe Curies
21%
ON THE BEACH$400This world-famous "Beach" is actually a number of smaller beaches, including Kuhio & KahanamokuWaikiki
21%
ALL THE BELLS & WHISTLES$800You'll get some applause if you know that this is the name for the tongue inside a bell that makes it ringa clapper
14%
HISTORIC OFFSPRING$4003 years before his own fatal duel, his son Philip died in another affair of honor a few miles away, using the same gunsAlexander Hamilton
14%
ALL THE BELLS & WHISTLES$600In politics of days past, it was a fast-moving tour that kept the candidate on a traina whistle stop tour
14%
MAMMALS$600Most mammals are either placental or these, like the bandicootmarsupial
14%
HISTORIC OFFSPRING$800His only legitimate heir, a son with Empress Marie-Louise, died in 1832 of tuberculosisNapoleon
14%
ON THE BEACH$800It is estimated that 4% of the sand on beaches in this French region is broken-down shrapnel from D-DayNormandy
14%
"R" TOWN$200In the names of California cities, this Spanish word precedes Cordova, Cucamonga & MirageRancho
14%
ON THE BEACH$1200Unlike seals, these beach lovers have external ears & can walk on their hind flipperssea lions
14%
ON THE BEACH$2000During the Vietnam War, U.S. soldiers helped make this country's Pattaya Beach a popular getaway destinationThailand
14%
NOT AN ANSWER$1000This mystical spelling device began as a part of the spiritualism movementa ouija board
7%
NOT AN ANSWER$800Strumming this instrument, Einer Bankz has teamed up with hip-hop artists like Chance the Rappera ukulele
7%
TITLE WORD PUZZLES$400A Ken Kesey chronicle:FlewCuckoo's NestOne Flew Over the Cuckoo\'s Nest
7%
HISTORIC OFFSPRING$2000Later known as Lana Peters, his daughter Svetlana defected to the U.S. in 1967 & became a U.S. citizenStalin
7%
UKRAINE DROPS$1200About 2 million people live on this 10,000-square-mile peninsula historically part of Ukrainethe Crimea
7%
DANCE PARTY$1000This 2-word dance promoted by Rufus Thomas in a 1970 hit involves "flapping" your armsthe Funky Chicken
7%
THE STAGE MANAGER$800Broadway actor Michael Barra plays a stage manager in this 2017 movie about P.T. BarnumThe Greatest Showman
7%
WHEN GOOD ACTORS BREAK BAD$400It was a nearly impossible mission when he played a vicious killer in "Collateral"Tom Cruise
7%
BOOKS & AUTHORS$1200She set her 1927 novel "To the Lighthouse" on the Isle of SkyeVirginia Woolf
7%
DANCE PARTY$600One of the 2 dances that signify a letter in the NATO phonetic alphabet(1 of) tango or foxtrot
0%
BOOKS & AUTHORS$1600"The Wolf Gift", book 1 in her "Wolf Gift Chronicles", deals with the making of a werewolf, not a vampireAnne Rice
0%
TITLE WORD PUZZLES$1600A V.C. Andrews novel or a Schubert work:SYMan Unfinished Symphony
0%
ON THE BEACH$1600Donn Beach named his pioneering tiki bar Don the this, a person who searches for shells & thingsBeachcomber
0%
TITLE WORD PUZZLES$800This musical about Huck & Jim made safe passage to Broadway:RIVERBig River
0%
WHEN GOOD ACTORS BREAK BAD$800In "Battle of the Sexes", Steve Carell won zero love playing this misogynistic tennis starBobby Riggs
0%
HISTORIC OFFSPRING$1200An actress & dancer, Winston Churchill's daughter Sarah played this man's love interest in the 1951 musical "Royal Wedding"Fred Astaire
0%
WHEN GOOD ACTORS BREAK BAD$2000Morgan Freeman ends up being the kidnapper in this film directed by Ben AffleckGone Baby Gone
0%
BOOKS & AUTHORS$800This author best remembered for writing about his own "Roots" also co-authored "The Autobiography of Malcolm X"Haley
0%
BOOKS & AUTHORS$2000Bill O'Reilly subtitled this 2012 alliterative bestseller "The End of Camelot"Killing Kennedy
0%
UKRAINE DROPS$800Shh! We're in the Monastery of the Caves, founded in the 11th century by St. Anthony & St. Theodosius in this capitalKyiv
0%
UKRAINE DROPS$400On Jan. 20, 2009 this fuel began to move again from Russia to a shivering Europe after a Russo-Ukrainian disputenatural gas
0%
THE STAGE MANAGER$400The iconic role of the stage manager in "Our Town" brought late-in-life Emmy & Tony nominations for this acting legendPaul Newman
0%
BOOKS & AUTHORS$400Published in 2021, his first novel "Once Upon a Time in Hollywood" is based on his film(Quentin) Tarantino
0%
"R" TOWN$800On the 18th of April, 1871, the former North U ; Chelsea, Mass. celebrated this new name with a reading of a Longfellow poemRevere
0%
THE STAGE MANAGER$1000One job of a Broadway stage manager is rehearsing understudies for their big break; this understudy got hers in 1954Shirley MacLaine
0%
TITLE WORD PUZZLES$2000A disaster film that could have been called "The Big Chill:TOMORROW DAYThe Day After Tomorrow
0%
THE STAGE MANAGER$200This union that began with a 1935 meeting at King Vidor's house, covers Hollywood stage managers like our very own Jimmy McGuirethe DGA (the Directors Guild of America)
0%
THE STAGE MANAGER$600A TV stage manager needs to be aware of the responsibilities of all crew members, like the head electrician, also called by this wordthe gaffer
0%
ALL THE BELLS & WHISTLES$400Idiomatically, "whistling past" this place means putting on a brave face when one is scaredthe graveyard
0%
MAMMALS$400Unlike other vertebrates, in mammals this bone is hinged directly to the skullthe mandible (lower jawbone)
0%
UKRAINE DROPS$1600Viktor Yushchenko, seen before & after dioxin poisoning, came to presidential power during this colorful revolution in 2005the Orange Revolution
0%
BEHIND THE DISNEY ATTRACTIONN/AThe Twilight Zone Tower of Terror utilizes technology developed by this company founded in 1853the Otis (Company)
0%
UKRAINE DROPS$2000The western end of this "A"-for-effort sea off Ukraine is called the "Putrid Sea" for its nasty-smelling marshesthe Sea of Azov
0%
ALL THE BELLS & WHISTLES$1000Heard here, orchestral chimes are also called these shapely bellstubular bells
0%
TITLE WORD PUZZLES$1200Vanish, or a 1970s movie comedy:SMUPOKEUp in Smoke
0%

Score Distribution

Percentile by Number Answered

Percent of People with Each Score

Your Score History

You have not taken this quiz